<?xml version="1.0" encoding="UTF-8" ?>
<collection xmlns="http://www.loc.gov/MARC21/slim"><record><leader>01008nam a2200241 cc4500</leader><controlfield tag="001">161766</controlfield><controlfield tag="003">CH-000273-5</controlfield><controlfield tag="005">20170118175809.0</controlfield><datafield tag="035" ind1=" " ind2=" "><subfield code="a">(OCoLC)927779419</subfield></datafield><datafield tag="040" ind1=" " ind2=" "><subfield code="a">CH-000273-5</subfield><subfield code="b">ger</subfield><subfield code="e">rda</subfield></datafield><datafield tag="041" ind1=" " ind2=" "><subfield code="a">fre</subfield></datafield><datafield tag="245" ind1="0" ind2="2"><subfield code="a">L&apos;oeuf dur</subfield><subfield code="b">revue mensuelle</subfield><subfield code="h">Zeitschrift</subfield><subfield code="n">6 = 1922, nouvel an</subfield></datafield><datafield tag="264" ind1="3" ind2="1"><subfield code="a">Paris</subfield><subfield code="b">Au Sans Pareil</subfield><subfield code="c">1922</subfield></datafield><datafield tag="300" ind1=" " ind2=" "><subfield code="a">16 Seiten</subfield><subfield code="c">23 x 14 cm</subfield></datafield><datafield tag="336" ind1=" " ind2=" "><subfield code="a">Text</subfield><subfield code="b">txt</subfield><subfield code="2">rdacontent</subfield></datafield><datafield tag="337" ind1=" " ind2=" "><subfield code="a">ohne Hilfsmittel zu benutzen</subfield><subfield code="b">n</subfield><subfield code="2">rdamedia</subfield></datafield><datafield tag="338" ind1=" " ind2=" "><subfield code="a">Band</subfield><subfield code="b">nc</subfield><subfield code="2">rdacarrier</subfield></datafield><datafield tag="501" ind1=" " ind2=" "><subfield code="a">Lettre sans commentaire / Max Jakob; Le Mirliton d&apos;Irène / Jean Cocteau; Le cycle de Pierre / Maurice David; Un grand bonjour / Paul Morand; Elagabale [Bonté du Dieu] / Robert Honnert; Les revues / Général M***</subfield></datafield><datafield tag="610" ind1="2" ind2="7"><subfield code="a">Kunsthaus Zürich</subfield><subfield code="x">Dadaismus</subfield><subfield code="x">Sammlung</subfield><subfield code="2">gnd</subfield></datafield><datafield tag="655" ind1="0" ind2="7"><subfield code="a">Zeitschrift</subfield><subfield code="2">gnd-content</subfield></datafield><datafield tag="773" ind1=" " ind2=" "><subfield code="t">L&apos;oeuf dur</subfield><subfield code="w">(CH-000273-5)23584</subfield></datafield><datafield tag="852" ind1="4" ind2="0"><subfield code="a">CH-000273-5</subfield><subfield code="c">DADA III:4:6</subfield></datafield><datafield tag="856" ind1="4" ind2="1"><subfield code="u">https://digital.kunsthaus.ch/viewer/image/161766/1/</subfield><subfield code="y">Kunsthaus Zürich Sammlungen online</subfield></datafield></record></collection>